II wojna światowa: Alianci czy Państwa Osi? - Statystyki

Ogólne statystyki
  • Ten quiz został rozwiązany 2 715 razy
    2 710 od ostatniego zresetowania
  • Średni wynik to 8 z 11
Statystyki odpowiedzi
Zagadnienie Odpowiedź % Poprawnych
III Rzesza Państwa Osi
92%
Związek Radziecki Alianci
87%
Hiszpania Neutralna
87%
Egipt Alianci
82%
Węgry Państwa Osi
82%
Portugalia Neutralna
77%
Francja Vichy Państwa Osi
76%
Rumunia Państwa Osi
75%
Jugosławia Alianci
62%
Etiopia Alianci
41%
Arabia Saudyjska Alianci
20%
Nie znaleziono quizów pasujących do podanych kryteriów
Rozkład punktacji
Procent ludzi z każdym wynikiem
Percentyl według liczby udzielonych odpowiedzi
Twoja historia wyników
Nie rozwiązałeś tego quizu od ostatniego zresetowania